<?xml version="1.0" encoding="UTF-8"?>
<record
    xmlns:xsi="http://www.w3.org/2001/XMLSchema-instance"
    xsi:schemaLocation="http://www.loc.gov/MARC21/slim http://www.loc.gov/standards/marcxml/schema/MARC21slim.xsd"
    xmlns="http://www.loc.gov/MARC21/slim">

  <leader>00290    a2200145   4500</leader>
  <datafield tag="020" ind1=" " ind2=" ">
    <subfield code="a">9788120334953</subfield>
  </datafield>
  <datafield tag="082" ind1=" " ind2=" ">
    <subfield code="a">004.43C DEI </subfield>
  </datafield>
  <datafield tag="245" ind1=" " ind2=" ">
    <subfield code="a">C how to program</subfield>
  </datafield>
  <datafield tag="250" ind1=" " ind2=" ">
    <subfield code="a">5/e</subfield>
  </datafield>
  <datafield tag="260" ind1=" " ind2=" ">
    <subfield code="b">PHI</subfield>
    <subfield code="c">2007</subfield>
  </datafield>
  <datafield tag="300" ind1=" " ind2=" ">
    <subfield code="a">xxxii, 1130 p</subfield>
  </datafield>
  <datafield tag="700" ind1=" " ind2=" ">
    <subfield code="a">H M Deitel</subfield>
  </datafield>
  <datafield tag="942" ind1=" " ind2=" ">
    <subfield code="c">BK</subfield>
  </datafield>
  <datafield tag="100" ind1=" " ind2=" ">
    <subfield code="a">Deitel P J</subfield>
  </datafield>
  <datafield tag="999" ind1=" " ind2=" ">
    <subfield code="c">11</subfield>
    <subfield code="d">11</subfield>
  </datafield>
  <datafield tag="952" ind1=" " ind2=" ">
    <subfield code="0">0</subfield>
    <subfield code="1">0</subfield>
    <subfield code="2">udc</subfield>
    <subfield code="4">0</subfield>
    <subfield code="7">0</subfield>
    <subfield code="a">IIITDM</subfield>
    <subfield code="b">IIITDM</subfield>
    <subfield code="c">GEN</subfield>
    <subfield code="d">2010-07-31</subfield>
    <subfield code="l">25</subfield>
    <subfield code="m">22</subfield>
    <subfield code="o">004.43C DEI </subfield>
    <subfield code="p">0000073</subfield>
    <subfield code="r">2025-12-15 17:18:48</subfield>
    <subfield code="s">2025-11-25</subfield>
    <subfield code="v">0.00</subfield>
    <subfield code="w">2010-07-31</subfield>
    <subfield code="y">BK</subfield>
    <subfield code="z">CSE</subfield>
  </datafield>
  <datafield tag="952" ind1=" " ind2=" ">
    <subfield code="0">0</subfield>
    <subfield code="1">0</subfield>
    <subfield code="2">udc</subfield>
    <subfield code="4">1</subfield>
    <subfield code="5">1</subfield>
    <subfield code="7">0</subfield>
    <subfield code="a">IIITDM</subfield>
    <subfield code="b">IIITDM</subfield>
    <subfield code="c">GEN</subfield>
    <subfield code="d">2010-07-31</subfield>
    <subfield code="l">12</subfield>
    <subfield code="m">11</subfield>
    <subfield code="o">004.43C DEI </subfield>
    <subfield code="p">0000074</subfield>
    <subfield code="r">2016-02-22 00:00:00</subfield>
    <subfield code="s">2016-01-08</subfield>
    <subfield code="v">0.00</subfield>
    <subfield code="w">2010-07-31</subfield>
    <subfield code="y">BK</subfield>
    <subfield code="z">CSE</subfield>
  </datafield>
  <datafield tag="952" ind1=" " ind2=" ">
    <subfield code="0">0</subfield>
    <subfield code="1">0</subfield>
    <subfield code="2">udc</subfield>
    <subfield code="4">1</subfield>
    <subfield code="5">1</subfield>
    <subfield code="7">0</subfield>
    <subfield code="a">IIITDM</subfield>
    <subfield code="b">IIITDM</subfield>
    <subfield code="c">GEN</subfield>
    <subfield code="d">2010-07-31</subfield>
    <subfield code="l">16</subfield>
    <subfield code="m">6</subfield>
    <subfield code="o">004.43C DEI </subfield>
    <subfield code="p">0000075</subfield>
    <subfield code="r">2017-09-25 00:00:00</subfield>
    <subfield code="s">2017-08-21</subfield>
    <subfield code="v">0.00</subfield>
    <subfield code="w">2010-07-31</subfield>
    <subfield code="y">BK</subfield>
    <subfield code="z">CSE</subfield>
  </datafield>
  <datafield tag="952" ind1=" " ind2=" ">
    <subfield code="0">0</subfield>
    <subfield code="1">0</subfield>
    <subfield code="2">udc</subfield>
    <subfield code="4">0</subfield>
    <subfield code="7">0</subfield>
    <subfield code="a">IIITDM</subfield>
    <subfield code="b">IIITDM</subfield>
    <subfield code="c">GEN</subfield>
    <subfield code="d">2014-08-28</subfield>
    <subfield code="l">17</subfield>
    <subfield code="m">17</subfield>
    <subfield code="o">004.43C DEI </subfield>
    <subfield code="p">G000102</subfield>
    <subfield code="r">2025-10-16 18:13:20</subfield>
    <subfield code="s">2025-09-15</subfield>
    <subfield code="w">2014-08-28</subfield>
    <subfield code="y">G</subfield>
    <subfield code="z">CSE</subfield>
  </datafield>
  <datafield tag="952" ind1=" " ind2=" ">
    <subfield code="0">0</subfield>
    <subfield code="1">0</subfield>
    <subfield code="2">udc</subfield>
    <subfield code="4">0</subfield>
    <subfield code="7">0</subfield>
    <subfield code="a">IIITDM</subfield>
    <subfield code="b">IIITDM</subfield>
    <subfield code="c">GEN</subfield>
    <subfield code="d">2014-08-28</subfield>
    <subfield code="l">19</subfield>
    <subfield code="m">18</subfield>
    <subfield code="o">004.43C DEI </subfield>
    <subfield code="p">G000103</subfield>
    <subfield code="r">2025-12-12 16:34:18</subfield>
    <subfield code="s">2025-10-15</subfield>
    <subfield code="w">2014-08-28</subfield>
    <subfield code="y">G</subfield>
    <subfield code="z">CSE</subfield>
  </datafield>
</record>
